书目信息 |
| 题名: |
知识企业与知识管理
|
|
| 作者: | 曙明 , 沈群红 著 | |
| 分册: | ||
| 出版信息: | 南京 南京大学出版社 2000.06 |
|
| 页数: | 292页 | |
| 开本: | 32开 | |
| 丛书名: | ||
| 单 册: | ||
| 中图分类: | F062.3 | |
| 科图分类: | ||
| 主题词: | 经济学--分支科学 | |
| 电子资源: | ||
| ISBN: | 7-305-03487-8 | |
| 000 | 00600nam0 2200205 45 | |
| 001 | 0009091046 | |
| 005 | 20000909105611.0 | |
| 010 | @a7-305-03487-8@d14.00元 | |
| 100 | @a20000909d2000 km y0chiy0120 ea | |
| 101 | 0 | @achi |
| 105 | @a z 000yy | |
| 200 | 1 | @a知识企业与知识管理@AZhi Shi Qi Ye Yu Zhi Shi Guan Li@f曙明,沈群红著@FShu Ming,Shen Qun Hong Zhu |
| 210 | @a南京@c南京大学出版社@d2000.06 | |
| 215 | @a292页@d32开 | |
| 606 | 0 | @a经济学@x分支科学 |
| 690 | @aF062.3@v3 | |
| 701 | 0 | @a曙明@4著 |
| 701 | 0 | @a沈群红@4著 |
| 801 | @aCN@bPftUser@c20000909 | |
| 905 | @b131041-045@dF062.3@eZH639@f5 | |
| 知识企业与知识管理/曙明,沈群红著.-南京:南京大学出版社,2000.06 |
| 292页;32开 |
| ISBN 7-305-03487-8:14.00元 |
| ● |
| 相关链接 |
|
|
|
正题名:知识企业与知识管理
索取号:F062.3/ZH639
 
预约/预借
| 序号 | 登录号 | 条形码 | 馆藏地/架位号 | 状态 | 备注 |
| 1 | 131041 | 201310410 | 社科二线422/409社科库 64排4列4层/ [索取号:F062.3/ZH639] | 在馆 | |
| 2 | 131042 | 201310429 | 社科二线422/409社科库 64排4列4层/ [索取号:F062.3/ZH639] | 在馆 | |
| 3 | 131043 | 201310438 | 社科二线422/409社科库 64排4列4层/ [索取号:F062.3/ZH639] | 在馆 | |
| 4 | 131044 | 201310447 | 社科二线422/409社科库 64排4列4层/ [索取号:F062.3/ZH639] | 在馆 | |
| 5 | 131045 | 201310456 | 社科库409/409社科库 64排4列4层/ [索取号:F062.3/ZH639] | 在馆 |